AMOR A FUEGO LENTO : (Registro nro. 59036)
[ vista simple ]
| 000 -LEADER | |
|---|---|
| fixed length control field | 00997nam a2200193 a 4500 |
| 001 - CONTROL NUMBER | |
| control field | 59036 |
| 005 - DATE AND TIME OF LATEST TRANSACTION | |
| control field | 20180714055850.0 |
| 008 - FIXED-LENGTH DATA ELEMENTS--GENERAL INFORMATION | |
| fixed length control field | 140415s2008 sp 000 0 spa d |
| 020 ## - INTERNATIONAL STANDARD BOOK NUMBER | |
| International Standard Book Number | 9788431325435 |
| 041 ## - LANGUAGE CODE | |
| Language code of text/sound track or separate title | spa |
| 082 ## - DEWEY DECIMAL CLASSIFICATION NUMBER | |
| Classification number | 306.8 |
| Item number | CAS |
| 100 1# - MAIN ENTRY--PERSONAL NAME | |
| Personal name | Castillo, Gerardo. |
| 245 10 - TITLE STATEMENT | |
| Title | AMOR A FUEGO LENTO : |
| Remainder of title | 16 TESTIMONIOS DE EXITO |
| 250 ## - EDITION STATEMENT | |
| Edition statement | 1a ed. |
| 260 ## - PUBLICATION, DISTRIBUTION, ETC. | |
| Place of publication, distribution, etc. | ESPAÑA : |
| Name of publisher, distributor, etc. | EUNSA, |
| Date of publication, distribution, etc. | 2008 |
| 300 ## - PHYSICAL DESCRIPTION | |
| Extent | 770 |
| Dimensions | 17.3 x 2 x 24 |
| 520 ## - SUMMARY, ETC. | |
| Summary, etc. | ESTE LIBRO RECOGE 16 ENTREVISTAS REALIZADAS A UNA SERIE DE PERSONAS RELEVANTES POR SU PRESTIGIO PROFESIONAL Y EXPERIENCIA POSITIVA, COMO ESPOSOS Y PADRES DE FAMILIA . SON ENTREVISTAS QUE PRETENDEN DESVELAR Y ACERCAR AL GRAN PUBLICO EL LADO MENOS CONOCIDO DE CADA UNO DE ELLOS, LIGADO SOBRE TODO A SU HISTORIA DE AMOR EN EL ESCENARIO DE LA FAMILIA. ASI , CONTITUYEN UNA REFERENCIA Y UNA ORIENTACION PRACTICA, PARA SOLTEROS Y CASADOS. ENCONTRARAN CLAVES PARA QUE SU HISTORIA DE AMOR SEA EXITO |
| 650 14 - SUBJECT ADDED ENTRY--TOPICAL TERM | |
| Topical term or geographic name entry element | AMOR |
| General subdivision | FAMILIA |
| -- | MATRIMONIO |
| Withdrawn status | Lost status | Source of classification or shelving scheme | Damaged status | Not for loan | Collection code | Home library | Current library | Shelving location | Date acquired | Source of acquisition | Total Checkouts | Full call number | Barcode | Checked out | Date last seen | Date last checked out | Price effective from | Koha item type |
|---|---|---|---|---|---|---|---|---|---|---|---|---|---|---|---|---|---|---|
| Dewey Decimal Classification | General | Biblioteca Karol Wojtyla | Biblioteca Karol Wojtyla | Sala general | 03/12/2013 | Compra | 1 | 306.8 CAS | 89349 | 10/12/2012 | 10/12/2012 | 10/12/2012 | 03/12/2013 | Libro |